Statistics for Most successful managers in soccer history

Click here to take the quiz!

General Stats

  • This quiz has been taken 715 times
  • The average score is 4 of 20

Answer Stats

HintAnswer% Correct
Scotland-35 trophiesSir Alex Ferguson
82%
Spanish-12 trophiesPep Guardiola
80%
Portugal-17 trophiesJose Mourinho
70%
Netherlands-12 trophiesLouis van Gaal
43%
Italy-13 trophiesMarcelo Lippi
20%
England-13 trophiesBob Paisley
15%
Netherlands-12 trophiesGuus Hiddink
14%
Scotland-25 trophiesJock Stein
14%
Germany-17 trophiesOttmar Hitzfeld
9%
Netherlands-12 trophiesRinus Michels
9%
Romania-21 trophiesMircea Lucescu
8%
Scotland-21 trophiesWalter Smith
8%
Italy-18 trophiesGiovanni Trapattoni
7%
Austria-14 trophiesErnst Happel
5%
Argentina-12 trophiesHelenio Herrera
3%
Poland-15 trophiesUdo Lattek
3%
Spain-14 trophiesMiguel Muñoz
2%
Croatia-13 trophiesTomislav Ivic
2%
France-12 trophiesAlbert Batteux
1%
Ukraine-24 trophiesValeriy Lobanovskyi
1%

Score Distribution

Percentile by Number Answered

Percent of People with Each Score

Your Score History

You have not taken this quiz